DIFFERENTIAL EQUATIONS SCHAUMS OUTLINE OF THEORY AND PROBLEM (Record no. 583858)

000 -LEADER
fixed length control field 00357nam a22001337a 4500
020 ## - INTERNATIONAL STANDARD BOOK NUMBER
International Standard Book Number 07-002654-8
082 ## - DEWEY DECIMAL CLASSIFICATION NUMBER
Classification number 511.33 AYR'D
100 ## - MAIN ENTRY--PERSONAL NAME
Personal name AYRES, FRANK
9 (RLIN) 8744
245 ## - TITLE STATEMENT
Title DIFFERENTIAL EQUATIONS SCHAUMS OUTLINE OF THEORY AND PROBLEM
260 ## - PUBLICATION, DISTRIBUTION, ETC.
Place of publication, distribution, etc. NEWYOR
Name of publisher, distributor, etc. MCGRAW HILL
Date of publication, distribution, etc. 1952
300 ## - PHYSICAL DESCRIPTION
Extent 296P
650 ## - SUBJECT ADDED ENTRY--TOPICAL TERM
Topical term or geographic name entry element DIFFERENTIAL EQUATIONS
9 (RLIN) 688
942 ## - ADDED ENTRY ELEMENTS (KOHA)
Koha item type Book
Source of classification or shelving scheme
Holdings
Withdrawn status Lost status Source of classification or shelving scheme Damaged status Not for loan Permanent Location Current Location Shelving location Date acquired Full call number Barcode Date last seen Price effective from Koha item type Public note
          College of Electrical & Mechanical Engineering (CEME) College of Electrical & Mechanical Engineering (CEME) General Stacks 06/20/2017 510 AYR CEME-7979 06/28/2021 06/28/2021 Book 3.7
© 2023 Central Library, National University of Sciences and Technology. All Rights Reserved.